书目信息 |
| 题名: |
中文版Windows XP专家培训教程
|
|
| 作者: | 崔亚量 主编 | |
| 分册: | ||
| 出版信息: | 成都 电子科技大学出版社 2003.09 |
|
| 页数: | 261页 | |
| 开本: | 26cm | |
| 丛书名: | ||
| 单 册: | ||
| 中图分类: | TP316.7 | |
| 科图分类: | ||
| 主题词: | 软件 | |
| 电子资源: | ||
| ISBN: | 7-81094-213-1 | |
| 000 | 00568nam0 2200181 45 | |
| 001 | 0456081216 | |
| 005 | 2004052815344121 | |
| 010 | @a7-81094-213-1@dCNY 19.80 | |
| 100 | @a20040528d2003 km y0chiy0120 ea | |
| 101 | 0 | @achi |
| 200 | 1 | @a中文版Windows XP专家培训教程@Azhong wen ban Windows XP zhuan jia pei xun jiao cheng@f崔亚量主编@Fcui ya liang zhu bian |
| 210 | @a成都@c电子科技大学出版社@d2003.09 | |
| 215 | @a261页@d26cm | |
| 606 | 0 | @a软件 |
| 690 | 1 | @aTP316.7@v4 |
| 701 | 0 | @a崔亚量@Acui ya liang@4主编 |
| 801 | 0 | @aCN@bPFT@c20040528 |
| 905 | @a10447@dTP316.7@eC9781 | |
| 中文版Windows XP专家培训教程/崔亚量主编.-成都:电子科技大学出版社,2003.09 |
| 261页;26cm |
| ISBN 7-81094-213-1:CNY 19.80 |
| ● |
| 相关链接 |
|
|
|
正题名:中文版Windows XP专家培训教程
索取号:TP316.7/C9781
 
预约/预借
| 序号 | 登录号 | 条形码 | 馆藏地/架位号 | 状态 | 备注 |
| 1 | 378157 | 203781577 | 自科库301/301自科库 57排7列3层/ [索取号:TP316.7/C9781] | 在馆 | |
| 2 | 378158 | 203781586 | 自科二线404/301自科库 51排6列5层/ [索取号:TP316.7/C9781] | 在馆 | |
| 3 | 378159 | 203781595 | 期刊室512/301自科库 51排6列5层/ [索取号:TP316.7/C9781] | 在馆 |